000 00611nam a2200181Ia 4500
008 090123s9999 xx 000 0 und d
082 _b28821
100 _aनेने वि.वा.
245 _aधर्मक्षेत्रे कुरुक्षेत्रे
250 _a1
260 _c1997
300 _a99
600 _aनेने वि.वा.
630 _aधर्मक्षेत्रे कुरुक्षेत्रे
700 _aनेने वि.वा.
730 _aधर्मक्षेत्रे कुरुक्षेत्रे
942 _cBOOK
999 _c67402
_d67402